| 000 | 004230000a22001810004500 | ||
|---|---|---|---|
| 003 | MACL | ||
| 005 | 20150902160343.0 | ||
| 008 | 150902b xxu||||| |||| 00| 0 eng d | ||
| 040 |
_aMACL _cMACL |
||
| 041 | _aEnglish | ||
| 082 | _a800/KRI | ||
| 100 |
_aKripal, Prem _9639 |
||
| 245 | _aSongs of Psyche | ||
| 260 |
_bPitamber Publishing _c1985 _aNew Delhi |
||
| 350 | _a25 | ||
| 650 |
_aPoetry _98709 |
||
| 942 |
_cBK _k800 _2ddc |
||
| 999 |
_c5842 _d5842 |
||